000 00810nam a2200193 a 4500
001 000035285
005 20200930074230.0
008 111027s1988 es 000 0 spa d
020 _a8400068939
100 1 _aAlvarez Gutiérrez, Luis.
_961051
245 1 3 _aLa diplomacia bismarckiana ante la cuestión cubana :
_b1868-1874 /
_cLuis Alvarez Gutiérrez ; prólogo de Manuel Espadas Burgos.
260 _aMadrid :
_bConsejo Superior de Investigaciones Científicas, Centro de Estudios Históricos. Departamento de Historia Contemporánea,
_c1988.
300 _axxxix, 423 p. ;
_c24 cm.
500 _aIncluye índice
500 _aIncluye referencias bibliográficas y notas al pie de las páginas
504 _aBibliográfia: p. 36-39
700 1 2 _aEspafas Burgos, Manuel
_epról.
_961052
999 _c34776
_d34776
040 _aDO-SdBNP